00883cam a22002654a 450000100090000000300040000900500170001300800410003001000170007102000280008804000180011604200080013405000210014208200220016324501170018524600590030226000510036130000290041244000210044150000390046250400510050165000250055270000170057770000230059412010524OSt20210204102753.0000516s2000 tnua b 001 0ceng  a 00040741  a080549040X (alk. paper) aDLCcDLCdDLC apcc00aBR1700.2b.G168C00a270/.092/2aB22100a131 Christians everyone should know /cfrom the editors of Christian history magazine ; foreword by J.I. Packer.3 aOne hundred thirty-one Christians everyone should know aNashville, Tenn. :bBroadman & Holman,cc2000. a384 p. :bill. ;c23 cm. 0aHolman reference aEditors: Mark Galli and Ted Olsen. aIncludes bibliographical references and index. 0aChristian biography.1 aGalli, Mark.1 aOlsen, Ted,d1974-